| 000 | 01433nam a2200277Ia 4500 | ||
|---|---|---|---|
| 999 |
_c3665 _d3665 |
||
| 003 | OSt | ||
| 005 | 20200702195325.0 | ||
| 008 | 191128s1982 ck ad gr 000 0dspa d | ||
| 040 |
_aCO-JMCR _cCO-JMCR |
||
| 041 | 0 | _aspa | |
| 082 | 0 | 4 |
_a330.9 / _bN421n _223 |
| 100 | 1 |
_aNell, Edward J., _eautor _95052 |
|
| 245 | 1 | 0 |
_aNuevos desarrollos de la teoría económica / _cEdward J. Nell, Anuark Shaikh, Jesús A. Bejarano [y otros 4]; editor Alberto Corchuelo |
| 260 |
_aCali : _bUniversidad del Valle, _c1982. |
||
| 300 |
_a460 páginas : _b gráficas en blanco y negro ; _c21 cm. |
||
| 500 | _aBibliografía. | ||
| 505 | 0 | _aPara entender la noción marxista de la explotación : el problema número uno -- La transformación de Marx en Sraffa -- Cinco puntos críticos en la teoría neoclásica de los precios -- De Keyner al análisis post-keynesiano | |
| 520 | 0 | _aEste libro recoge los aportes centrales de destacados economistas e investigadores nacionales y extranjeros asistentes al seminario sobre desarrollos recientes de la teoría económica. | |
| 650 | 1 | 4 |
_aTeoría económica _xCongresos _xconferencias _96605 |
| 650 | 2 | 4 |
_a Análisis económico _xCongresos,conferencias _96606 |
| 650 | 2 | 4 |
_aSistemas económicos comparados _xCongresos, conferencias _96607 |
| 700 | 1 |
_aShaik, Anuark, _eautor _96608 |
|
| 700 | 1 |
_aBejarano, Jesús A., _e autor _95054 |
|
| 700 | 1 |
_aCorchuelo, Alberto, _eeditor _93143 |
|
| 942 |
_2ddc _cBK |
||